000 00773nam a2200265Ia 4500
003 OSt
005 20221005083816.0
006 a|||||r|||| 00| 0
007 ta
008 221004b |||||||| |||| 00| 0 eng d
020 _a8172361025
_c200
024 _a84861
037 _b246, 31/03/2006, N. R. Book Distributors
_cTextual
040 _aCRL
_cCRL
_beng
041 _2eng
_aeng
082 _aX8(J451).2, N5
100 _aSubramaniam Bala
_9612846
245 0 _aTea in India
260 _aNew Delhi
_bWiley Eastern Limited India
_c1995
300 _a126p.
_ccm.
650 _a ECONOMICS
650 _aTEA INDUSTRY
942 _hX8(J451).2, N5
_cTEXL
_2cc
999 _c991588
_d991588